Planter's bulletin march 1983

Bibliographic Details
Format: Book
Language:English
Published: Kuala Lumpur : Rubber Research Institute of Malaysia , 1983
Subjects:

MARC

LEADER 00000cam a2200000 7i4500
001 0000012838
005 20230710.0
008 030919 my eng
040 |a INS 
090 0 0 |a SB290   |b .P6947 1983 
245 1 0 |a Planter's bulletin march 1983 
260 |a Kuala Lumpur :   |b Rubber Research Institute of Malaysia ,   |c 1983 
300 |a 33 p. :   |b ill. ;   |c 25 cm. 
650 0 |a Rubber research 
999 |a 0000000588   |b BOOK   |c Open Shelf   |e Default branch